Répondez Aux Images Des Pays - Statistiques

Statistiques générales
  • Ce quiz a été pris 106 fois
  • Le résultat moyen est 22 sur 32
Statistiques - réponses
Par images Réponse % Correct
États-Unis
97%
Espagne
95%
France
95%
Australie
94%
Grèce
92%
Corée du Nord
91%
Égypte
89%
Pays-Bas
89%
Royaume-Uni
89%
Italie
85%
Suisse
84%
Canada
82%
Belgique
79%
Allemagne
77%
Danemark
77%
Arabie Saoudite
71%
Brésil
68%
Chili
68%
Jordanie
66%
Portugal
64%
Suède
62%
Hongrie
61%
Israël
55%
Turquie
55%
Autriche
53%
Irlande
52%
Monaco
51%
Pérou
47%
Afrique du Sud
41%
République Tchèque
40%
Nouvelle-Zélande
32%
Équateur
17%
Aucun quiz correspondant
Distribution des résultats
% des personnes avec chaque résultat
Percentile par nombre de réponses
Votre historique - résultats
Vous n’avez pas pris ce quiz